<?xml version="1.0" encoding="UTF-8"?><?xml-stylesheet type="text/xsl" href="static/style.xsl"?><OAI-PMH xmlns="http://www.openarchives.org/OAI/2.0/" xmlns:xsi="http://www.w3.org/2001/XMLSchema-instance" xsi:schemaLocation="http://www.openarchives.org/OAI/2.0/ http://www.openarchives.org/OAI/2.0/OAI-PMH.xsd"><responseDate>2026-04-13T05:00:41Z</responseDate><request verb="GetRecord" identifier="oai:www.recercat.cat:2072/477872" metadataPrefix="marc">https://recercat.cat/oai/request</request><GetRecord><record><header><identifier>oai:recercat.cat:2072/477872</identifier><datestamp>2025-05-08T16:00:27Z</datestamp><setSpec>com_2072_98</setSpec><setSpec>col_2072_378192</setSpec></header><metadata><record xmlns="http://www.loc.gov/MARC21/slim" xmlns:dcterms="http://purl.org/dc/terms/" xmlns:xsi="http://www.w3.org/2001/XMLSchema-instance" xmlns:doc="http://www.lyncode.com/xoai" xsi:schemaLocation="http://www.loc.gov/MARC21/slim http://www.loc.gov/standards/marcxml/schema/MARC21slim.xsd">
   <leader>00925njm 22002777a 4500</leader>
   <datafield ind2=" " ind1=" " tag="042">
      <subfield code="a">dc</subfield>
   </datafield>
   <datafield ind2=" " ind1=" " tag="720">
      <subfield code="a">Querol, Luis</subfield>
      <subfield code="e">author</subfield>
   </datafield>
   <datafield ind2=" " ind1=" " tag="720">
      <subfield code="a">Lewis, Richard Alan</subfield>
      <subfield code="e">author</subfield>
   </datafield>
   <datafield ind2=" " ind1=" " tag="720">
      <subfield code="a">Hartung, H.P.</subfield>
      <subfield code="e">author</subfield>
   </datafield>
   <datafield ind2=" " ind1=" " tag="720">
      <subfield code="a">van Doorn, Pieter</subfield>
      <subfield code="e">author</subfield>
   </datafield>
   <datafield ind2=" " ind1=" " tag="720">
      <subfield code="a">Wallstroem, E.</subfield>
      <subfield code="e">author</subfield>
   </datafield>
   <datafield ind2=" " ind1=" " tag="720">
      <subfield code="a">Luo, Xiaodong</subfield>
      <subfield code="e">author</subfield>
   </datafield>
   <datafield ind2=" " ind1=" " tag="720">
      <subfield code="a">Alonso-Alonso, Miguel</subfield>
      <subfield code="e">author</subfield>
   </datafield>
   <datafield ind2=" " ind1=" " tag="720">
      <subfield code="a">Atassi, Nazem</subfield>
      <subfield code="e">author</subfield>
   </datafield>
   <datafield ind2=" " ind1=" " tag="720">
      <subfield code="a">Hughes, Richard</subfield>
      <subfield code="e">author</subfield>
   </datafield>
   <datafield ind2=" " ind1=" " tag="720">
      <subfield code="a">Universitat Autònoma de Barcelona</subfield>
      <subfield code="e">author</subfield>
   </datafield>
   <datafield ind2=" " ind1=" " tag="260">
      <subfield code="c">2023</subfield>
   </datafield>
   <datafield ind2=" " ind1=" " tag="520">
      <subfield code="a">Chronic inflammatory demyelinating polyneuropathy (CIDP) is a rare immune-mediated disease of the peripheral nerves, with significant unmet treatment needs. Clinical trials in CIDP are challenging; thus, new trial designs are needed. We present design of an open-label phase 2 study (NCT04658472) evaluating efficacy and safety of SAR445088, a monoclonal antibody targeting complement C1s, in CIDP. This phase 2, proof-of-concept, multicenter, open-label trial will evaluate the efficacy, and safety of SAR445088 in 90 patients with CIDP across three groups: (1) currently treated with standard-of-care (SOC) therapies, including immunoglobulin or corticosteroids (SOC-Treated); (2) refractory to SOC (SOC-Refractory); and (3) naïve to SOC (SOC-Naïve). Enrolled participants undergo a 24-week treatment period (part A), followed by an optional treatment extension for up to an additional 52 weeks (part B). In part A, the primary endpoint for the SOC-Treated group is the percentage of participants with a relapse after switching from SOC to SAR445088. The primary endpoint for the SOC-Refractory and SOC-Naïve groups is the percentage of participants with a response, compared to baseline. Secondary endpoints include safety, tolerability, immunogenicity, and efficacy of SAR445088 during 12-week overlapping period (SOC-Treated). Part B evaluates long-term safety and durability of efficacy. Data analysis will be performed using Bayesian statistics (predefined efficacy thresholds) and historical data-based placebo assumptions to support program decision-making. This innovative trial design based on patient groups and Bayesian statistics provides an efficient paradigm to evaluate new treatment candidates across the CIDP spectrum and can help accelerate development of new therapies.</subfield>
   </datafield>
   <datafield tag="653" ind2=" " ind1=" ">
      <subfield code="a">Bayesian analysis</subfield>
   </datafield>
   <datafield tag="653" ind2=" " ind1=" ">
      <subfield code="a">CIDP</subfield>
   </datafield>
   <datafield tag="653" ind2=" " ind1=" ">
      <subfield code="a">SAR445088</subfield>
   </datafield>
   <datafield tag="653" ind2=" " ind1=" ">
      <subfield code="a">Complement C1s</subfield>
   </datafield>
   <datafield tag="653" ind2=" " ind1=" ">
      <subfield code="a">Complement classical pathway</subfield>
   </datafield>
   <datafield tag="653" ind2=" " ind1=" ">
      <subfield code="a">Trial design</subfield>
   </datafield>
   <datafield ind2="0" ind1="0" tag="245">
      <subfield code="a">An innovative phase 2 proof-of-concept trial design to evaluate SAR445088, a monoclonal antibody targeting complement C1s in chronic inflammatory demyelinating polyneuropathy</subfield>
   </datafield>
</record></metadata></record></GetRecord></OAI-PMH>